000 00628nab a2200193 4500
001 244442
003 OSt
005 20230726134505.0
007 tu
008 200917s2020|||||||
040 _aDE-2950
_cDE-2950
245 0 0 _aDie letzte Rate aus Potsdam.
_bFinanzen. Das Land und die Stadt Frankfurt haben die Teilentschuldungsvereinbarung seit dieser Woche vollständig umgesetzt/
_cred/thg
264 _c2023
653 _aFrankfurt (Oder)
653 _aFinanzen
653 _aTeilentschuldungsvereinbarung
773 0 _g34. Jahrgang (2023) Nr. 163 vom 15.07.2023, S. 17, mit Foto
_tMärkische Oderzeitung
942 _2z
_cA
999 _c372641
_d372641